Alle Länder des Habsburgerreichs - Statistiken

Allgemein
  • Dieses Quiz wurde 25 mal gespielt
  • Das Durchschnittsergebnis liegt bei 12 aus 14
Antwortstatistiken
Antwort % Korrekt
Österreich
100%
Tschechien
100%
Ungarn
100%
Kroatien
95%
Polen
95%
Slowenien
95%
Deutschland
90%
Italien
90%
Slowakei
90%
Serbien
81%
Schweiz
76%
Rumänien
71%
Ukraine
71%
Frankreich
67%
Keine übereinstimmenden Quizze gefunden
Verteilung der Resultate
Anzahl Personen mit jedem Resultat
Perzentil nach korrekt beantworteten Fragen
Ihre Resultats-Entwicklung
Sie haben dieses Quiz noch nicht gespielt